Género en la conservación y uso sostenible de los recursos naturales en las áreas protegidas . (Registro nro. 6305)

Detalles MARC
000 -CABECERA
Campo de control 01151nam a2200301 i 4500
005 - FECHA Y HORA DE LA ULTIMA TRANSACCION
Campo de control 20200104041608.0
008 - ELEMENTOS DE LONGITUD FIJA—INFORMACION GENERAL
Campo de control 160112s2007 xxu||||| |||| 00| 0 spa d
040 ## - FUENTE DE CATALOGACIÓN
Agencia catalogadora original CO-BoIAVH
Agencia transcriptora CO-BoIAVH
041 ## - IDIOMA
Código de idioma para texto/pista de sonido o título separado Español
044 ## - PAÍS DE PUBLICACIÓN
País de publicación Estados Unidos
082 04 - NUMERO DE CLASIFICACION DECIMAL DEWEY
Número de clasificación 333.917
Número del ítem G64g
100 1# - ASIENTO PRINCIPAL--NOMBRE PERSONAL
Nombre personal González, Ana María
9 (RLIN) 49808
245 ## - MENCION DE TITULO
Título Género en la conservación y uso sostenible de los recursos naturales en las áreas protegidas .
Parte restante del título experiencias del programa Parques en Peligro en Latinoámerica y el Caribe /
Mención de responsabilidad Ana María González V. and Angela Sue Martin.
260 ## - PUBLICACION, DISTRIBUCION, ETC. (PIE DE IMPRENTA)
Lugar de publicación, distribución, etc. Arlington :
Nombre del editor, distribuidor, etc. Nature Conservancy,
Fecha de publicación, distribución, etc. 2007.
300 ## - DESCRIPCION FISICA
Extensión 32 páginas ;
Dimensiones 28 cm.
490 00 - MENCION DE SERIE
Mención de serie Parques en peligro
650 14 - ASIENTO SECUNDARIO DE MATERIA - TERMINO TEMATICO
Término temático o nombre geográfico como elemento de entrada Desarrollo sostenible
9 (RLIN) 278
650 24 - ASIENTO SECUNDARIO DE MATERIA - TERMINO TEMATICO
Término temático o nombre geográfico como elemento de entrada Conservación de la naturaleza
9 (RLIN) 97
650 24 - ASIENTO SECUNDARIO DE MATERIA - TERMINO TEMATICO
Término temático o nombre geográfico como elemento de entrada Protección del medio ambiente
9 (RLIN) 271
650 24 - ASIENTO SECUNDARIO DE MATERIA - TERMINO TEMATICO
Término temático o nombre geográfico como elemento de entrada Conservación biológica
9 (RLIN) 98
650 24 - ASIENTO SECUNDARIO DE MATERIA - TERMINO TEMATICO
Término temático o nombre geográfico como elemento de entrada Gestión ambiental
9 (RLIN) 92206
650 24 - ASIENTO SECUNDARIO DE MATERIA - TERMINO TEMATICO
Término temático o nombre geográfico como elemento de entrada Parques naturales
9 (RLIN) 49862
650 24 - ASIENTO SECUNDARIO DE MATERIA - TERMINO TEMATICO
Término temático o nombre geográfico como elemento de entrada Áreas de conservación de recursos naturales
9 (RLIN) 49863
662 ## - ASIENTO SECUNDARIO DE MATERIA - JERARQUIA DEL NOMBRE DE LUGAR(
Jurisdicción política intermedia América Latina
662 ## - ASIENTO SECUNDARIO DE MATERIA - JERARQUIA DEL NOMBRE DE LUGAR(
Jurisdicción política intermedia Región Caribe
700 ## - ASIENTO SECUNDARIO - NOMBRE PERSONAL
Nombre personal Martin, Angela Sue,
Término de relación autora.
9 (RLIN) 49795
942 ## - ELEMENTOS ADICIONALES (KOHA)
Tipo de ítem Libro
Sistema de clasificación Dewey Decimal Classification
Existencias
Withdrawn status Lost status Sistema de Clasificación Damaged status No para préstamo Colección Inventariado Ubicación Permanente Ubicación actual Fecha de adquisición Fuente de Valor Valor Total Checkouts Número topográfico Inventario / Código de Barras Date last seen Ejemplar Price effective from Forma de adquisición Tipo de material
    Dewey Decimal Classification     General Inventariado 2017 Bogotá Bogotá 12/06/2008 Instituto 39000.00   LB-333.917 G64g 024165 04/12/2012 Ej.1 04/12/2012   Libro